Principal Cities of Texas - Statistics

General Stats
  • This quiz has been taken 34 times
  • The average score is 37 of 95
Answer Stats
Population Answer % Correct
961,855 Austin
100%
918,915 Fort Worth
100%
2,304,580 Houston
100%
1,434,625 San Antonio
100%
1,304,379 Dallas
95%
678,815 El Paso
90%
200,393 Amarillo
85%
317,863 Corpus Christi
85%
257,141 Lubbock
85%
255,205 Laredo
80%
392,786 Arlington
75%
53,695 Galveston
75%
138,486 Waco
75%
186,738 Brownsville
70%
142,210 McAllen
70%
114,428 Odessa
65%
120,511 College Station
60%
256,684 Irving
60%
132,524 Midland
60%
36,193 Texarkana
60%
115,282 Beaumont
55%
139,869 Denton
55%
125,182 Abilene
50%
153,095 Killeen
50%
285,494 Plano
50%
119,468 Round Rock
50%
102,316 Wichita Falls
50%
81,638 Longview
45%
99,893 San Angelo
45%
82,073 Temple
45%
105,995 Tyler
45%
83,980 Bryan
40%
89,956 Conroe
40%
90,403 New Braunfels
40%
24,476 Paris
40%
56,039 Port Arthur
40%
67,553 San Marcos
40%
114,436 The Woodlands
40%
65,534 Victoria
40%
100,243 Edinburg
35%
10,875 Fredericksburg
35%
67,176 Georgetown
35%
25,402 Kingsville
35%
43,645 Sherman
35%
15,217 Uvalde
35%
17,369 Brenham
30%
25,109 Corsicana
30%
34,673 Del Rio
30%
24,479 Denison
30%
28,130 Eagle Pass
30%
71,829 Harlingen
30%
45,941 Huntsville
30%
34,143 Lufkin
30%
32,147 Nacogdoches
30%
12,916 Pecos
30%
11,557 Port Lavaca
30%
111,026 Sugar Land
30%
19,104 Alice
25%
83,701 Baytown
25%
26,144 Big Spring
25%
18,862 Brownwood
25%
13,997 Jacksonville
25%
24,278 Kerrville
25%
12,652 Levelland
25%
18,544 Palestine
25%
20,187 Plainview
25%
119,469 Richardson
25%
15,941 Sulphur Springs
25%
12,551 Borger
20%
14,501 Dumas
20%
17,394 Gainesville
20%
50,631 Grapevine
20%
14,820 Mineral Wells
20%
85,778 Mission
20%
16,047 Mount Pleasant
20%
15,317 Rio Grande City
20%
20,897 Stephenville
20%
13,487 Andrews
15%
12,857 Athens
15%
18,061 Bay City
15%
13,669 Beeville
15%
12,350 El Campo
15%
16,867 Pampa
15%
7,325 Pearsall
15%
10,070 Rockport
15%
11,561 Roma
15%
11,438 Snyder
15%
10,622 Sweetwater
15%
10,408 Bonham
10%
10,958 Granbury
10%
14,972 Hereford
10%
8,674 Lamesa
10%
10,236 Raymondville
10%
10,078 Vernon
10%
5,383 Zapata
10%
No matching quizzes found
Score Distribution
Percent of People with Each Score
Percentile by Number Answered
Your Score History
You have not taken this quiz